000 00571nam a2200181Ia 4500
003 IN-BaIIA
008 211028s9999 xx 000 0 eng d
020 _a0-87891-605-9
040 _cIIA Library
080 _a621.7:744
_bREA
110 _aResearch and education association
_918665
245 4 _aThe machine design problem solver
_cResearch and education association
260 _aNew Jersey
_bResearch and Education Association
_c1993
300 _axi, 915p.
650 _aMachine design
_911087
650 _aNASA thesaurus
942 _cBK
999 _c10917
_d10917